Normal view
MARC view
- Mr. Tariq Abassi.
Entry Personal Name
001 - CONTROL NUMBER
- control field: 18180
003 - CONTROL NUMBER IDENTIFIER
- control field: NUST
005 - DATE AND TIME OF LATEST TRANSACTION
- control field: 20190719074340.0
008 - FIXED-LENGTH DATA ELEMENTS
- fixed length control field: 190719|| aca||aabn | a|a d
040 ## - CATALOGING SOURCE
- Original cataloging agency: NUST
- Transcribing agency: NUST
100 ## - HEADING--PERSONAL NAME
- Personal name: Mr. Tariq Abassi.
670 ## - SOURCE DATA FOUND
- Source citation: Work cat.: (NUST): Rehan, Lajna 18179, Derivatives in the Banking Sector: A Cross Sectional Study of Asian Banks /, 2015.
